| 000 | 00472cam a22001931 4500 | ||
|---|---|---|---|
| 001 | 2165603 | ||
| 005 | 20180202073801.0 | ||
| 008 | 730515s1958 nyu 000 0 eng | ||
| 010 | _a 58008081 | ||
| 040 |
_aDLC _cDLC _dDLC |
||
| 041 | _aeng | ||
| 080 | _a111 BAR | ||
| 082 | 0 | 0 | _a111 BAR |
| 100 | 1 | _a24 | |
| 101 | _aFIL | ||
| 245 | 1 | 0 | _aIrrational man; |
| 906 |
_a7 _bcbc _corignew _du _eocip _f19 _gy-gencatlg |
||
| 942 |
_2ddc _cBK |
||
| 999 |
_c41648 _d41648 |
||